Представление документа в формате MARC21

Поле Инд. ПП Название Значение
Тип записи a
Библиографический уровень m
001 Контрольный номер 9806f61984534a77a4221b5b24678949
005 Дата корректировки 20260610150336.4
040 a Служба первич. каталог. 10013504
b Код языка каталог. rus
e Правила каталог. PSBO
041 0_ a Код языка текста rus
084 a Индекс другой классификации/Индекс ББК доп.
090 a Полочн. индекс А13(06)
x Авторский знак М 825
r Идентификатор организации 10013504
110 2_ a Организация/ юрисдикция Московский авиационный институт им. С. Орджоникидзе
245 10 a Заглавие Труды института
n Номер части/ раздела Вып. 213
p Название части/ раздела Кинематические методы конструирования технических поверхностей : сборник статей
c Ответственность под ред. А.М. Тевлина; МАИ им. С.Орджоникидзе
246 03 a Другая форма заглавия Труды МАИ
246 03 a Другая форма заглавия Труды МАИ - 1970
246 03 a Другая форма заглавия Труды МАИ - Вып. 213
260 a Место издания Москва
c Дата издания 1970
b Издательство МАИ
300 a Объем 121 с.
b Иллюстрации/ тип воспроизводства ил.
504 a Библиография Библиогр. в конце ст.
653 0_ a Ключевые слова ТРУДЫ МАИ; ТРУДЫ МАИ - 1970; ТРУДЫ МАИ - ВЫП. 213; АВТОР МАИ
700 12 a Другие авторы Тевлин А.М.
e Роль лиц Редактор
q Полное имя Тевлин Абрам Максимович
901 t Тип документа m
952 a Тип литературы для КСУ ВШ КНР
c Вид литературы монография